Secretos del pasado

Guardat en:
Dades bibliogràfiques
Autor principal: Moscati, Sabatino (autor)
Format: Llibre
Idioma:espanyol
Publicat: Buenos Aires Javier Vergara 1980
Col·lecció:Lo inexplicable
Matèries:
Etiquetes: Afegir etiqueta
Sense etiquetes, Sigues el primer a etiquetar aquest registre!

MARC

LEADER 00000nam a2200000 a 4500
001 UCW5884
003 CL-VaPUC
008 910819e19800000AG |||||||||||||||||spa|d
082 0 4 |a 930.1  |b MOS  |2 21 
100 |a Moscati, Sabatino  |e autor  |9 320481 
245 1 0 |a Secretos del pasado 
300 |a 335 p 
942 |c BK 
945 |d 19910819 00:00:00 
260 |a Buenos Aires  |b Javier Vergara  |c 1980 
650 0 |a Arqueología   |9 265619 
650 7 |a EXCAVACIONES ARQUEOLOGICAS  |2 CL-VaPUC  |9 310948 
583 |a last modification  |c 19910819 00:00:00  |k Rodrigo Vera 
490 0 |a Lo inexplicable 
999 |c 219189  |d 219187 
952 |0 0  |1 0  |4 0  |6 930_100000000000000_MOS_1980  |7 0  |8 A  |9 209788  |a BIBEDU  |b BIBEDU  |d 2019-11-15  |i 2776685  |o 930.1 MOS 1980  |p 2776685  |r 2019-11-15  |w 2019-11-15  |y BK  |k EDU